Historia 5; instituciones políticas y sociales desde 1810 /
Guardado en:
| Autor Principal: | |
|---|---|
| Formato: | Libro |
| Publicado: |
Argentina :
Troquel,
1985
|
| Edición: | 2 |
| Etiquetas: |
Agregar Etiqueta
Sin Etiquetas, Sea el primero en etiquetar este registro!
|
| LEADER | 00477nam a22001575a 4500 | ||
|---|---|---|---|
| 001 | CEM.cems003375 | ||
| 005 | 19000101000000.0 | ||
| 008 | 130507s1985##################000#0#####d | ||
| 003 | CEMS | ||
| 082 | 0 | 4 | |a 982 |
| 100 | 1 | |a Ibañez, José Cosmelli | |
| 245 | 1 | 0 | |a Historia 5; instituciones políticas y sociales desde 1810 / |c José Cosmelli Ibañez |
| 250 | |a 2 | ||
| 260 | |a Argentina : |b Troquel, |c 1985 | ||
| 300 | |a 3181 p. | ||
| 859 | |a CEMS |b BIB. CEMS - 11 de abril |h 982 |i Ib1-3a2/V |p 14273.86 |t Ej.1 | ||
